| 000 | 02412nam a22004095i 4500 | ||
|---|---|---|---|
| 001 | 978-981-19-6952-2 | ||
| 003 | DE-He213 | ||
| 005 | 20250131131459.0 | ||
| 007 | cr nn 008mamaa | ||
| 008 | 221028s2023 si | s |||| 0|eng d | ||
| 020 |
_a9789811969522 _9978-981-19-6952-2 |
||
| 024 | 7 |
_a10.1007/978-981-19-6952-2 _2doi |
|
| 040 |
_aKO _beng |
||
| 041 | 0 | _aeng | |
| 082 | 0 | 4 |
_a623.8 _223 |
| 100 | 1 |
_aGao, Jie. _eauthor. _4aut _4http://id.loc.gov/vocabulary/relators/aut |
|
| 245 | 1 | 0 |
_aVariable Geometry Turbine Technology for Marine Gas Turbines _h[electronic resource] / _cby Jie Gao, Qun Zheng, Feng Lin, Chen Liang, Yu Liu. |
| 250 | _a1st ed. 2023. | ||
| 264 | 1 |
_aSingapore : _bSpringer Nature Singapore : _bImprint: Springer, _c2023. |
|
| 300 |
_aXIV, 217 p. 203 illus., 58 illus. in color. _bonline resource. |
||
| 338 | _aonline resource | ||
| 505 | 0 | _aChapter 1. Introduction -- Chapter 2. Flow Mechanisms and Characteristics for Variable Geometry Turbine -- Chapter 3. Aerodynamic Design Method for Variable Geometry Turbine -- Chapter 4. Variable Vane Turning Design Method for Variable Geometry Turbine -- Chapter 5. Structural Design Technology of Variable Vane System for Variable Geometry Turbine -- Chapter 6. Aerodynamic Characteristics and Reliability Test Technology for Variable Geometry Turbine. | |
| 520 | _aThis book starts from the design requirements of variable geometry turbines for marine gas turbines. It systematically and comprehensively introduces the flow mechanism and characteristics of variable geometry turbines, aerodynamic design methods, variable vane turning design methods, structural design technology of the variable vane system, aerodynamic characteristics and reliability test technology for variable geometry turbines, and so on. | ||
| 650 | 0 | _aMarine engineering. | |
| 650 | 0 | _aMachinery. | |
| 650 | 1 | 4 | _aMarine Engineering. |
| 650 | 2 | 4 | _aMachinery and Machine Elements. |
| 700 | 1 |
_aZheng, Qun. _eauthor. _4aut _4http://id.loc.gov/vocabulary/relators/aut |
|
| 700 | 1 |
_aLin, Feng. _eauthor. _4aut _4http://id.loc.gov/vocabulary/relators/aut |
|
| 700 | 1 |
_aLiang, Chen. _eauthor. _4aut _4http://id.loc.gov/vocabulary/relators/aut |
|
| 700 | 1 |
_aLiu, Yu. _eauthor. _4aut _4http://id.loc.gov/vocabulary/relators/aut |
|
| 856 | 4 | 0 | _uhttps://doi.org/10.1007/978-981-19-6952-2 |
| 904 | _aRUDRA_R | ||
| 905 | _aR_RANJAN | ||
| 942 |
_2ddc _cEB |
||
| 999 |
_c3190 _d3190 |
||